000 00333cam a22001217a 4500
008 180718b1962 xxu||||| |||| 00| 0 eng d
082 _aQ6x54 B469p
100 _aBhatt, Usha
245 _aPhysically handicapped in India
_cby Usha Bhatt
260 _aBombay
_bPopular
_c1962
300 _a276p.
650 _aPhysically handicapped-India
999 _c433482
_d433482